| 000 | 00604nam a2200217 a 4500 | ||
|---|---|---|---|
| 999 |
_c836 _d836 |
||
| 003 | OSt | ||
| 005 | 20191223095908.0 | ||
| 008 | 090121r19941993enk d 000 1 eng | ||
| 020 | _a9780552140287 | ||
| 040 |
_dCaOL _cKH8 |
||
| 082 | _aFIC PRA | ||
| 100 | 1 |
_aPratchett, Terry. _eauthor |
|
| 245 | 1 | 0 |
_aMen at arms / _cTerry Pratchett. |
| 260 |
_aLondon : _bCorgi, _c1994, c1993. |
||
| 300 |
_a427 p. _c18 cm. |
||
| 490 | 1 | _aDiscworld novel | |
| 500 | _aOriginally published: London: Gollancz, 1993. | ||
| 650 | 0 |
_aDiscworld (Imaginary place) _vFiction. |
|
| 830 | 0 | _aDiscworld series. | |
| 942 |
_2ddc _cFIC |
||